Normal view
MARC view
- Human Resource Management-BS- Project Report
Entry Topical Term
001 - CONTROL NUMBER
- control field: 34877
003 - CONTROL NUMBER IDENTIFIER
- control field: NUST
005 - DATE AND TIME OF LATEST TRANSACTION
- control field: 20201104121326.0
008 - FIXED-LENGTH DATA ELEMENTS
- fixed length control field: 201104|| aca||aabn | a|a d
040 ## - CATALOGING SOURCE
- Original cataloging agency: NUST
- Transcribing agency: NUST
150 ## - HEADING--TOPICAL TERM
- Topical term or geographic name entry element: Human Resource Management-BS- Project Report
670 ## - SOURCE DATA FOUND
- Source citation: Work cat.: (NUST)540715: Muntaha, Marium ; Najam, Maleeha ; Sultan, Shizra ; Tahir, anam ; Delawar, Ijlal and Malik Javaria 34876, Human Resource Management /, 2010.
